[Event "Skopje MKD"]
[Site "Skopje MKD"]
[Date "2014.03.30"]
[Round "3.7"]
[White "Tkachiev, Vladislav"]
[Black "Pavlidis, Antonios"]
[Result "1-0"]
[WhiteElo "2623"]
[BlackElo "2463"]
[PlyCount "73"]
[EventDate "2014.03.29"]
[EventType "swiss"]
[EventRounds "9"]

1. d4 Nf6 2. c4 e6 3. g3 d5 4. Bg2 Bb4+ 5. Bd2 Be7 6. Nf3 O-O 7. O-O c6 8. Qc2
b6 9. Bf4 Ba6 10. cxd5 cxd5 11. Rc1 Nbd7 12. Nc3 Nh5 13. Qa4 Nxf4 14. Qxa6 Nxg2
15. Kxg2 Qc8 16. Qxc8 Rfxc8 17. Nb5 Rxc1 18. Rxc1 a6 19. Rc7 axb5 20. Rxd7 Kf8
21. a3 b4 22. axb4 f6 23. Ne1 Bxb4 24. Nd3 Be7 25. Rb7 Ra6 26. h4 Bd6 27. b4 e5
28. b5 Ra2 29. Rxb6 Ke7 30. Rb7+ Ke6 31. Nc5+ Bxc5 32. dxc5 Rxe2 33. c6 Rc2 34.
c7 e4 35. b6 e3 36. Kf1 d4 37. fxe3 1-0

[Event "Skopje MKD"]
[Site "Skopje MKD"]
[Date "2014.03.30"]
[Round "3.8"]
[White "Smirnov, Artem"]
[Black "Markus, Robert"]
[Result "1/2-1/2"]
[WhiteElo "2445"]
[BlackElo "2608"]
[PlyCount "78"]
[EventDate "2014.03.29"]
[EventType "swiss"]
[EventRounds "9"]

1. d4 Nf6 2. Bg5 e6 3. e4 h6 4. Bxf6 Qxf6 5. c3 e5 6. Nf3 d6 7. Bd3 Be7 8. Nbd2
O-O 9. O-O Nd7 10. Re1 c6 11. Nc4 a5 12. a4 Bd8 13. Qb3 Bc7 14. Rad1 Re8 15.
Ne3 Nb6 16. Qc2 Be6 17. Bf1 Red8 18. b3 g6 19. h4 Kh8 20. Be2 d5 21. dxe5 Bxe5
22. exd5 Nxd5 23. Nxd5 Rxd5 24. Rxd5 Bxd5 25. Nxe5 Qxe5 26. Qd2 Qg7 27. Bc4
Bxc4 28. bxc4 f6 29. Re6 Rf8 30. Qe3 Rf7 31. g3 h5 32. Kg2 Kh7 33. Qf4 Qf8 34.
Qd4 Kg7 35. c5 Re7 36. Rd6 Rf7 37. Re6 Re7 38. Rd6 Rf7 39. Re6 Re7 1/2-1/2

[Event "Skopje MKD"]
[Site "Skopje MKD"]
[Date "2014.03.30"]
[Round "3.9"]
[White "Abramovic, Bosko"]
[Black "Predojevic, Borki"]
[Result "0-1"]
[WhiteElo "2437"]
[BlackElo "2607"]
[PlyCount "106"]
[EventDate "2014.03.29"]
[EventType "swiss"]
[EventRounds "9"]

1. c4 c6 2. d4 d5 3. cxd5 cxd5 4. Nc3 Nf6 5. Nf3 Nc6 6. Bf4 Ne4 7. e3 Nxc3 8.
bxc3 e6 9. Bd3 Bd6 10. Bxd6 Qxd6 11. O-O O-O 12. c4 dxc4 13. Bxc4 b6 14. Qe2
Bb7 15. Rac1 Rac8 16. Qb2 Rc7 17. Be2 Rfc8 18. Rfd1 h6 19. h3 Ne7 20. Nd2 Nd5
21. Nb1 Qb4 22. Qxb4 Nxb4 23. Rxc7 Rxc7 24. a3 Na2 25. f3 Kf8 26. Kf2 Nc3 27.
Nxc3 Rxc3 28. Ra1 Ke7 29. a4 Bc6 30. h4 Kd6 31. h5 a5 32. g4 Rc2 33. Ke1 f6 34.
Rb1 Kc7 35. Ra1 Rb2 36. Ra3 Kd6 37. Bd1 Be8 38. Rb3 Rxb3 39. Bxb3 b5 40. axb5
Bxb5 41. Kd2 a4 42. Bd1 a3 43. Kc3 e5 44. dxe5+ Kxe5 45. Bc2 Be2 46. f4+ Kd5
47. Bf5 Bd1 48. Bd3 Bxg4 49. Kb3 Bxh5 50. Kxa3 Bf3 51. Kb2 h5 52. Kc3 h4 53.
Bf1 g5 0-1

[Event "Skopje MKD"]
[Site "Skopje MKD"]
[Date "2014.03.30"]
[Round "3.10"]
[White "Salgado Lopez, Ivan"]
[Black "Arnaudov, Petar G"]
[Result "1-0"]
[WhiteElo "2605"]
[BlackElo "2459"]
[PlyCount "67"]
[EventDate "2014.03.29"]
[EventType "swiss"]
[EventRounds "9"]

1. e4 e5 2. Nf3 Nc6 3. Bb5 g6 4. d4 exd4 5. Bg5 Be7 6. Bxe7 Qxe7 7. Bxc6 dxc6
8. Qxd4 Nf6 9. Nc3 Bg4 10. Nd2 O-O 11. O-O Rad8 12. Qe3 Rfe8 13. f3 Bc8 14. Qf2
b6 15. Rad1 Nd7 16. h3 Qc5 17. Rfe1 a5 18. Nf1 Qxf2+ 19. Kxf2 Nc5 20. Ne3 f6
21. h4 Kf7 22. Ne2 Ne6 23. Rxd8 Rxd8 24. Rd1 Rxd1 25. Nxd1 b5 26. Ke3 c5 27.
Nf4 Nxf4 28. Kxf4 Ke6 29. Nf2 c4 30. c3 h6 31. Ke3 c5 32. f4 Bb7 33. g4 Bc6 34.
f5+ 1-0

[Event "Skopje MKD"]
[Site "Skopje MKD"]
[Date "2014.03.30"]
[Round "3.11"]
[White "Jacimovic, Dragoljub"]
[Black "Vovk, Andrey"]
[Result "1/2-1/2"]
[WhiteElo "2422"]
[BlackElo "2605"]
[PlyCount "37"]
[EventDate "2014.03.29"]
[EventType "swiss"]
[EventRounds "9"]

1. d4 d6 2. Nf3 f5 3. Nc3 Nf6 4. Bg5 Ne4 5. Nxe4 fxe4 6. Nd2 Bf5 7. e3 Qd7 8.
c3 e6 9. f3 h6 10. fxe4 Bh7 11. Bh4 Be7 12. Bxe7 Qxe7 13. Qh5+ Qf7 14. Bb5+ c6
15. Qxf7+ Kxf7 16. Bd3 Ke7 17. Ke2 Nd7 18. Raf1 Bg6 19. h3 1/2-1/2

[Event "Skopje MKD"]
[Site "Skopje MKD"]
[Date "2014.03.30"]
[Round "3.12"]
[White "Kanmazalp, Ogulcan"]
[Black "Grandelius, Nils"]
[Result "1/2-1/2"]
[WhiteElo "2416"]
[BlackElo "2600"]
[PlyCount "36"]
[EventDate "2014.03.29"]
[EventType "swiss"]
[EventRounds "9"]

1. e4 c5 2. Nf3 d6 3. d4 cxd4 4. Nxd4 Nf6 5. Nc3 a6 6. Bg5 Nbd7 7. Qe2 Qa5 8.
h4 h6 9. Bd2 Qc7 10. O-O-O b5 11. a3 Bb7 12. g4 Rc8 13. g5 hxg5 14. Bxg5 Nh7
15. Bh3 g6 16. Nd5 Bxd5 17. exd5 Qc4 18. Qe3 Nc5 1/2-1/2

[Event "Skopje MKD"]
[Site "Skopje MKD"]
[Date "2014.03.30"]
[Round "3.13"]
[White "Roiz, Michael"]
[Black "Stojanovski, Dejan"]
[Result "1/2-1/2"]
[WhiteElo "2591"]
[BlackElo "2436"]
[PlyCount "39"]
[EventDate "2014.03.29"]
[EventType "swiss"]
[EventRounds "9"]

1. Nf3 Nf6 2. c4 c5 3. Nc3 g6 4. g3 Bg7 5. Bg2 O-O 6. d4 cxd4 7. Nxd4 Nc6 8.
O-O Nxd4 9. Qxd4 d6 10. Qd3 a6 11. Bg5 h6 12. Bd2 Rb8 13. Rac1 Bd7 14. a4 Bc6
15. b3 Bxg2 16. Kxg2 Qb6 17. Rb1 Qc5 18. e4 Nd7 19. f3 e6 20. Be3 1/2-1/2

[Event "Skopje MKD"]
[Site "Skopje MKD"]
[Date "2014.03.30"]
[Round "3.14"]
[White "Drazic, Sinisa"]
[Black "Kozul, Zdenko"]
[Result "1/2-1/2"]
[WhiteElo "2415"]
[BlackElo "2586"]
[PlyCount "132"]
[EventDate "2014.03.29"]
[EventType "swiss"]
[EventRounds "9"]

1. d4 Nf6 2. Bg5 Ne4 3. Bf4 d5 4. Nd2 Nxd2 5. Qxd2 c6 6. Nf3 Bf5 7. e3 e6 8.
Bd3 Bxd3 9. Qxd3 Be7 10. O-O Nd7 11. c4 O-O 12. Rac1 Re8 13. h3 Qb6 14. Rc2 a5
15. Ne5 Nxe5 16. Bxe5 dxc4 17. Qxc4 a4 18. Qe2 f6 19. Bg3 Bf8 20. Rfc1 Qa5 21.
Rc4 Qb5 22. Qc2 Red8 23. Bc7 Rd7 24. Bg3 Ra5 25. b3 axb3 26. axb3 Ra3 27. Rb1
Rd8 28. Ra4 Ra8 29. Rxa8 Rxa8 30. Qc4 Qd5 31. f3 f5 32. Be5 Ra2 33. Kh1 h6 34.
Qd3 Qa5 35. b4 Qa4 36. b5 Ra3 37. bxc6 Qxc6 38. Qb5 Ra1 39. Qb2 Rxb1+ 40. Qxb1
b5 41. e4 fxe4 42. fxe4 Qc4 43. Qd1 b4 44. Qg4 Qc1+ 45. Kh2 Qc6 46. Qg6 Qd7 47.
Qg3 Kf7 48. h4 Kg8 49. Kh3 h5 50. Qb3 Qf7 51. Kh2 Qg6 52. Qc4 Qg4 53. g3 Be7
54. Qd3 Qg6 55. Qc4 Kh7 56. d5 exd5 57. Qxd5 Qg4 58. Qf7 Qe2+ 59. Kh3 Qg4+ 60.
Kh2 Bxh4 61. Qb7 Bd8 62. Qxb4 Qe2+ 63. Kh3 Qg4+ 64. Kh2 Qe2+ 65. Kh1 Bb6 66.
Qb1 Be3 1/2-1/2

[Event "Skopje MKD"]
[Site "Skopje MKD"]
[Date "2014.03.30"]
[Round "3.15"]
[White "Jumabayev, Rinat"]
[Black "Tosic, Miroslav"]
[Result "1-0"]
[WhiteElo "2580"]
[BlackElo "2426"]
[PlyCount "105"]
[EventDate "2014.03.29"]
[EventType "swiss"]
[EventRounds "9"]

1. d4 Nf6 2. c4 e6 3. Nf3 d5 4. g3 Be7 5. Bg2 O-O 6. O-O dxc4 7. Qc2 a6 8. a4
Nc6 9. Qxc4 a5 10. Nc3 Nd5 11. Rd1 Ncb4 12. e4 Nb6 13. Qe2 c6 14. Bf4 Bd7 15.
Rac1 Rc8 16. Ne5 Be8 17. Bh3 Bg5 18. Be3 Bxe3 19. Qxe3 Qd6 20. f4 Rd8 21. b3
Kh8 22. Bg4 f6 23. Nc4 Nxc4 24. bxc4 Bg6 25. h4 Qe7 26. h5 Bf7 27. e5 f5 28.
Bf3 Rd7 29. Rd2 Rfd8 30. Rcd1 h6 31. Kh2 Qe8 32. Qe2 Qg8 33. g4 g6 34. Qf2 g5
35. gxf5 exf5 36. d5 cxd5 37. cxd5 Bxd5 38. fxg5 Bxf3 39. Rxd7 Bxd1 40. e6 Rxd7
41. exd7 Qb8+ 42. Qg3 Qxg3+ 43. Kxg3 Nc6 44. Nxd1 hxg5 45. Nb2 Kg7 46. Nc4 f4+
47. Kg2 b6 48. Nxb6 Kf6 49. Nc4 Ke7 50. h6 Nd8 51. h7 Nf7 52. Ne5 Nh8 53. Kf3
1-0

[Event "Skopje MKD"]
[Site "Skopje MKD"]
[Date "2014.03.30"]
[Round "3.16"]
[White "Ilic, Zoran S"]
[Black "Bachmann, Axel"]
[Result "0-1"]
[WhiteElo "2297"]
[BlackElo "2575"]
[PlyCount "66"]
[EventDate "2014.03.29"]
[EventType "swiss"]
[EventRounds "9"]

1. d4 Nf6 2. Nf3 e6 3. c4 Bb4+ 4. Bd2 a5 5. g3 d6 6. Bg2 Nbd7 7. O-O e5 8. Nc3
O-O 9. Qc2 Re8 10. e4 exd4 11. Nxd4 Ne5 12. Bg5 h6 13. Bxf6 Qxf6 14. Nd5 Qd8
15. Nxb4 axb4 16. f4 Ng4 17. Qd2 c6 18. h3 Nf6 19. Rfe1 Qb6 20. Kh2 Ra5 21. Nc2
c5 22. Qd3 Be6 23. Ne3 Qa6 24. Red1 Bc8 25. Qxd6 Qxd6 26. Rxd6 Nxe4 27. Rd3 Nf2
28. Rb3 Bd7 29. Rf1 Ba4 30. Nf5 Bxb3 31. axb3 Re2 32. Bxb7 Rxb2 33. Bg2 Raa2
0-1

[Event "Skopje MKD"]
[Site "Skopje MKD"]
[Date "2014.03.30"]
[Round "3.17"]
[White "Bok, Benjamin"]
[Black "Dastan, Batuhan Muhammed"]
[Result "1-0"]
[WhiteElo "2575"]
[BlackElo "2416"]
[PlyCount "59"]
[EventDate "2014.03.29"]
[EventType "swiss"]
[EventRounds "9"]

1. e4 e5 2. Nf3 Nc6 3. Bb5 a6 4. Ba4 Nge7 5. c3 g6 6. d4 exd4 7. cxd4 Bg7 8. d5
b5 9. Bc2 Nb4 10. Bb3 a5 11. a3 Na6 12. O-O d6 13. Nc3 Bd7 14. Be3 Nc5 15. Bd4
f6 16. Ba2 b4 17. Bxc5 bxc3 18. Bd4 cxb2 19. Bxb2 O-O 20. Qd2 Kh8 21. Rac1 Ng8
22. Nd4 Re8 23. Ne6 Bxe6 24. dxe6 c5 25. Rfd1 Bf8 26. a4 Qc7 27. Bc3 Red8 28.
Bd5 Ra7 29. Rb1 Bg7 30. Rb5 1-0

[Event "Skopje MKD"]
[Site "Skopje MKD"]
[Date "2014.03.30"]
[Round "3.18"]
[White "Piasetski, Leon David"]
[Black "Golod, Vitali"]
[Result "0-1"]
[WhiteElo "2293"]
[BlackElo "2573"]
[PlyCount "64"]
[EventDate "2014.03.29"]
[EventType "swiss"]
[EventRounds "9"]

1. d4 d5 2. Nf3 Nf6 3. Bf4 c5 4. e3 Nc6 5. c3 Qb6 6. Qb3 c4 7. Qc2 Bf5 8. Qc1
h6 9. h3 e6 10. Nbd2 Qd8 11. Be2 b5 12. b3 Be7 13. a4 a6 14. b4 O-O 15. O-O
bxa4 16. Bd1 a3 17. Bc2 a5 18. b5 Na7 19. Bxf5 exf5 20. Qc2 Nxb5 21. Rfb1 Qe8
22. Qxf5 Nxc3 23. Rb7 Ne2+ 24. Kf1 Nxf4 25. exf4 Bb4 26. g4 Qc6 27. g5 Qxb7 28.
gxf6 g6 29. Qg4 Qc8 30. Qh4 Qf5 31. Qxh6 Qxf6 32. f5 Qh8 0-1

[Event "Skopje MKD"]
[Site "Skopje MKD"]
[Date "2014.03.30"]
[Round "3.19"]
[White "Parligras, Mircea Emilian"]
[Black "Kohlweyer, Bernd"]
[Result "1/2-1/2"]
[WhiteElo "2572"]
[BlackElo "2416"]
[PlyCount "81"]
[EventDate "2014.03.29"]
[EventType "swiss"]
[EventRounds "9"]

1. d4 d6 2. Nf3 g6 3. e4 Nf6 4. Bd3 Bg7 5. O-O O-O 6. c3 Nc6 7. Re1 e5 8. Nbd2
Nd7 9. Nb3 a5 10. Bg5 Qe8 11. a4 h6 12. Bh4 Nb6 13. Bb5 Bd7 14. Qd2 Nb8 15.
dxe5 dxe5 16. Qe2 Nxa4 17. Bxd7 Qxd7 18. Red1 Qc6 19. Rd5 Nb6 20. Rdxa5 N8d7
21. Nfd2 Rfb8 22. Rxa8 Rxa8 23. Rxa8+ Nxa8 24. Qc4 Qxc4 25. Nxc4 b6 26. f3 f6
27. g4 Bf8 28. Kf1 Kf7 29. Bf2 b5 30. Nca5 Nab6 31. Nc1 Na4 32. Nd3 Ndc5 33.
Bxc5 Bxc5 34. b3 Bb6 35. bxa4 Bxa5 36. axb5 Bxc3 37. Ke2 f5 38. Kd1 fxe4 39.
fxe4 Kf6 40. Kc2 Bd4 41. h4 1/2-1/2

[Event "Skopje MKD"]
[Site "Skopje MKD"]
[Date "2014.03.30"]
[Round "3.20"]
[White "Ozturk, Kubra"]
[Black "Kuljasevic, Davorin"]
[Result "0-1"]
[WhiteElo "2288"]
[BlackElo "2567"]
[PlyCount "76"]
[EventDate "2014.03.29"]
[EventType "swiss"]
[EventRounds "9"]

1. d4 Nf6 2. c4 e6 3. Nf3 b6 4. g3 Bb7 5. Bg2 g6 6. O-O Bg7 7. Nc3 Ne4 8. Nxe4
Bxe4 9. Bg5 Qc8 10. Qd2 h6 11. Be3 d6 12. Rac1 Nd7 13. b4 Nf6 14. Qb2 O-O 15.
Rfd1 Qb7 16. Bd2 b5 17. c5 Bd5 18. Ne1 Ne4 19. f3 Nxd2 20. Rxd2 a5 21. Nd3 Qa7
22. a3 axb4 23. axb4 Qa3 24. e3 Qxb2 25. Nxb2 Ra2 26. f4 Bxg2 27. Kxg2 e5 28.
cxd6 cxd6 29. dxe5 dxe5 30. fxe5 Bxe5 31. Nc4 Rfa8 32. Nxe5 Rxd2+ 33. Kf3 Rb2
34. Nc6 Re8 35. Rc3 Rxh2 36. Nd4 Rh5 37. Ra3 Rhe5 38. Rc3 h5 0-1

[Event "Skopje MKD"]
[Site "Skopje MKD"]
[Date "2014.03.30"]
[Round "3.21"]
[White "Damljanovic, Branko"]
[Black "Roeder, Mathias"]
[Result "1-0"]
[WhiteElo "2566"]
[BlackElo "2416"]
[PlyCount "133"]
[EventDate "2014.03.29"]
[EventType "swiss"]
[EventRounds "9"]

1. c4 Nf6 2. Nc3 c5 3. Nf3 e6 4. g3 b6 5. Bg2 Bb7 6. O-O Be7 7. Re1 Ne4 8. d4
Nxc3 9. bxc3 Nc6 10. d5 Na5 11. Nd2 Rb8 12. e4 e5 13. Bf1 Ba6 14. Nb3 d6 15.
Nxa5 bxa5 16. Qa4+ Qd7 17. Qxa5 Rb6 18. Be3 O-O 19. Rab1 Rfb8 20. Rb3 Bd8 21.
Qa3 Bc8 22. f3 Ra6 23. Qb2 Rbb6 24. Bd3 Qa4 25. Re2 Ra5 26. Rxb6 axb6 27. Qb3
Bh3 28. Qxa4 Rxa4 29. g4 h5 30. gxh5 Ra3 31. Rc2 Bh4 32. Bd2 Kh7 33. Rb2 Ra6
34. Bc2 f6 35. Bd3 Bg5 36. Bxg5 fxg5 37. Kf2 Kh6 38. Kg3 Bd7 39. Be2 Be8 40.
Bf1 Bd7 41. Bh3 Bxh3 42. Kxh3 Kxh5 43. Kg3 Ra3 44. Rxb6 Rxc3 45. h3 Rxc4 46.
Rxd6 Rc1 47. Rd8 c4 48. Rc8 c3 49. a4 c2 50. Kg2 g4 51. hxg4+ Kg5 52. a5 Kf4
53. d6 Rd1 54. Rxc2 Rxd6 55. Ra2 Ra6 56. Ra3 g6 57. Ra1 Ke3 58. Kg3 Ke2 59. Ra3
Ke1 60. Kg2 Ke2 61. Kg1 Kd2 62. Kf2 Kc2 63. Ke2 Kb2 64. Rd3 Kc2 65. Rd5 Re6 66.
a6 Rxa6 67. Rxe5 1-0

[Event "Skopje MKD"]
[Site "Skopje MKD"]
[Date "2014.03.30"]
[Round "3.22"]
[White "Grigoriadis, Alexandros"]
[Black "Anton Guijarro, David"]
[Result "0-1"]
[WhiteElo "2255"]
[BlackElo "2559"]
[PlyCount "116"]
[EventDate "2014.03.29"]
[EventType "swiss"]
[EventRounds "9"]

1. c4 b6 2. Nf3 Bb7 3. Nc3 Nf6 4. d4 e6 5. e3 Bb4 6. Bd2 O-O 7. Be2 d5 8. O-O
dxc4 9. Bxc4 Nbd7 10. Qe2 a6 11. Rfd1 b5 12. Bb3 c5 13. dxc5 Bxc5 14. Rac1 Qb8
15. h3 Ne5 16. Ne1 Bb6 17. a3 Ng6 18. Nf3 h6 19. Be1 Ne5 20. Nd4 Qa7 21. Na2
Rac8 22. Bb4 Rfe8 23. Bd6 Nc4 24. Bxc4 bxc4 25. Nc3 Qa8 26. f3 Ba7 27. Kh1 Nh5
28. Qf2 Bb8 29. Nde2 Nf6 30. Bxb8 Qxb8 31. e4 Bc6 32. Rd2 Nd7 33. Rcd1 Ne5 34.
Nc1 Qb7 35. Rd4 Qb6 36. Kg1 Bb7 37. Rd6 Qxf2+ 38. Kxf2 g5 39. Rb6 Rc7 40. Ke3
Kf8 41. Rbd6 Ke7 42. R6d4 Rb8 43. g3 Rg8 44. R1d2 h5 45. Rc2 h4 46. g4 Rb8 47.
Nd1 a5 48. Nc3 Ba6 49. Rf2 Ng6 50. Rdd2 Nf4 51. N3e2 c3 52. bxc3 e5 53. Rh2 Rb1
54. Rc2 Bc4 55. Nxf4 gxf4+ 56. Kf2 Rd7 57. Rh1 Bb3 58. Re2 Rd1 0-1

[Event "Skopje MKD"]
[Site "Skopje MKD"]
[Date "2014.03.30"]
[Round "3.23"]
[White "Videnova, Iva"]
[Black "Can, Emre"]
[Result "1/2-1/2"]
[WhiteElo "2251"]
[BlackElo "2524"]
[PlyCount "75"]
[EventDate "2014.03.29"]
[EventType "swiss"]
[EventRounds "9"]

1. e4 c5 2. Nf3 d6 3. Bb5+ Bd7 4. Bxd7+ Nxd7 5. O-O Ngf6 6. Re1 e6 7. c4 Ne5 8.
d4 Nxf3+ 9. gxf3 cxd4 10. Qxd4 Be7 11. Nc3 O-O 12. Be3 a6 13. Rac1 Qa5 14. Qb6
Qxb6 15. Bxb6 Rac8 16. Na4 Nd7 17. b3 Bf6 18. Red1 Rc6 19. Bd4 Rfc8 20. Bxf6
gxf6 21. Rc3 Kf8 22. f4 b5 23. Nb2 Nb6 24. Rcd3 bxc4 25. Nxc4 Nxc4 26. bxc4
Rxc4 27. Rxd6 Rxe4 28. f5 Kg7 29. Rxa6 Rc2 30. Rd3 Rg4+ 31. Rg3 exf5 32. Ra5
Kg6 33. Kg2 h5 34. h3 Rg5 35. Ra6 Kg7 36. Ra5 Kg6 37. Ra6 Kg7 38. Ra5 1/2-1/2

[Event "Skopje MKD"]
[Site "Skopje MKD"]
[Date "2014.03.30"]
[Round "3.24"]
[White "Blagojevic, Dragisa"]
[Black "Stanojoski, Zvonko"]
[Result "1/2-1/2"]
[WhiteElo "2517"]
[BlackElo "2415"]
[PlyCount "35"]
[EventDate "2014.03.29"]
[EventType "swiss"]
[EventRounds "9"]

1. d4 d5 2. c4 e6 3. Nc3 c6 4. e3 Nf6 5. Nf3 Nbd7 6. Qc2 Bd6 7. b3 O-O 8. Be2
a6 9. O-O b5 10. Bb2 Bb7 11. c5 Bc7 12. Bd3 e5 13. dxe5 Nxe5 14. Nxe5 Bxe5 15.
Ne2 Bxb2 16. Qxb2 Qe7 17. Qc2 a5 18. a3 1/2-1/2

[Event "Skopje MKD"]
[Site "Skopje MKD"]
[Date "2014.03.30"]
[Round "3.25"]
[White "Berkes, Ferenc"]
[Black "Glavinac, Goran"]
[Result "1-0"]
[WhiteElo "2687"]
[BlackElo "2164"]
[PlyCount "185"]
[EventDate "2014.03.29"]
[EventType "swiss"]
[EventRounds "9"]

1. d4 d5 2. c4 c6 3. Nc3 Nf6 4. e3 g6 5. Nf3 Bg7 6. Be2 O-O 7. O-O Bg4 8. cxd5
cxd5 9. Qb3 b6 10. h3 Bxf3 11. Bxf3 e6 12. Bd2 Nc6 13. Ne2 Qd7 14. Rfc1 Rfc8
15. Nf4 Ne7 16. Be2 Rxc1+ 17. Rxc1 Rc8 18. Rd1 Qb7 19. Be1 Nf5 20. Qa4 Rc7 21.
Nd3 Nd6 22. Ne5 b5 23. Qb3 Nc4 24. Nd3 Bf8 25. Ra1 a5 26. Qd1 b4 27. Rc1 Bd6
28. Nc5 Qc8 29. Nd3 Nb6 30. Rb1 Nc4 31. Bf1 Kg7 32. Qe2 Ne4 33. Rc1 Nb6 34.
Rxc7 Qxc7 35. Qd1 Qc6 36. g3 h5 37. Kg2 Qc7 38. Qc1 Qxc1 39. Nxc1 Nc4 40. b3
Na3 41. Bd3 Nf6 42. f3 Ne8 43. g4 hxg4 44. hxg4 Nc7 45. Kf1 f5 46. Bh4 Ncb5 47.
Ke1 Bc7 48. Ne2 Kf7 49. Kd2 Ke8 50. Bf6 Kf7 51. Bg5 Nd6 52. Bh4 Ne8 53. Ng1
fxg4 54. fxg4 Nf6 55. Nf3 Nxg4 56. Ng5+ Kf6 57. Ba6 Nh6 58. Bc8 Nf5 59. Nxe6+
Nxh4 60. Nxc7 Nb1+ 61. Kd3 Nc3 62. Bb7 Nxa2 63. Nxd5+ Kf7 64. Nb6 Nc3 65. e4 g5
66. Bc8 Ng6 67. e5 Nf4+ 68. Kc4 Ne4 69. d5 Nd2+ 70. Kc5 Nxb3+ 71. Kd6 Nd4 72.
e6+ Ndxe6 73. dxe6+ Nxe6 74. Bxe6+ Kg6 75. Bg4 b3 76. Na4 Kf6 77. Nb2 Kg7 78.
Kd7 Kg6 79. Ke6 Kg7 80. Kf5 Kf7 81. Bd1 Ke7 82. Bxb3 Kd6 83. Kxg5 Kc5 84. Na4+
Kb4 85. Bd1 Kc4 86. Kf4 Kd4 87. Bb3 Kd3 88. Ke5 Ke3 89. Nc5 Kf3 90. Nb7 Kg4 91.
Nxa5 Kg5 92. Bc2 Kh6 93. Kf6 1-0

[Event "Skopje MKD"]
[Site "Skopje MKD"]
[Date "2014.03.30"]
[Round "3.26"]
[White "Georgiev, Kiril"]
[Black "Ali Marandi, Cemil Can"]
[Result "1/2-1/2"]
[WhiteElo "2625"]
[BlackElo "2380"]
[PlyCount "138"]
[EventDate "2014.03.29"]
[EventType "swiss"]
[EventRounds "9"]

1. c4 e5 2. Nc3 Nf6 3. Nf3 Nc6 4. e3 Bb4 5. Qc2 O-O 6. Nd5 Bc5 7. a3 a5 8. Be2
d6 9. O-O Be6 10. Nc3 Qd7 11. b3 Bf5 12. d3 Rfe8 13. Bb2 Ba7 14. Rfe1 h6 15.
Nd2 Ne7 16. b4 c6 17. Nde4 Nh7 18. c5 Nc8 19. Na4 b5 20. cxb6 Nxb6 21. bxa5
Nxa4 22. Qxa4 d5 23. Ng3 c5 24. Qc2 Bg6 25. Qd2 Qa4 26. Rec1 Nf6 27. Rab1 Qh4
28. h3 c4 29. Ra1 d4 30. Rxc4 dxe3 31. Rxh4 exd2 32. Rd1 Bd4 33. Bxd4 exd4 34.
Rxd4 Rxa5 35. Rxd2 Rxa3 36. Bf3 Rc8 37. Ne2 Bf5 38. Nf4 g5 39. Nd5 Kg7 40. Kh2
Be6 41. Ne3 h5 42. h4 g4 43. Be2 Rc1 44. Kg3 Nh7 45. Nd5 Bxd5 46. Rxd5 Nf6 47.
Rd4 Ng8 48. f3 f5 49. Rb2 Ra7 50. Rc4 Rh1 51. d4 Ne7 52. Rc5 Rd7 53. Rd2 Nd5
54. fxg4 hxg4 55. Bd3 f4+ 56. Kxg4 Nf6+ 57. Kf5 Rxd4 58. Rc7+ Nd7 59. Rc4 Rd6
60. Kxf4 Rxh4+ 61. Ke3 Rxc4 62. Bxc4 Rxd2 63. Kxd2 Kf6 64. Ke3 Kg5 65. Be2 Nf6
66. Bf3 Nd7 67. g3 Nf6 68. g4 Nxg4+ 69. Bxg4 Kxg4 1/2-1/2

[Event "Skopje MKD"]
[Site "Skopje MKD"]
[Date "2014.03.30"]
[Round "3.27"]
[White "Fier, Alexandr Hilario T"]
[Black "Nikolov, Sasho"]
[Result "1/2-1/2"]
[WhiteElo "2595"]
[BlackElo "2358"]
[PlyCount "121"]
[EventDate "2014.03.29"]
[EventType "swiss"]
[EventRounds "9"]

1. e4 c6 2. d4 d5 3. Nc3 a6 4. e5 Bf5 5. h4 h5 6. Nge2 e6 7. Ng3 Bg6 8. Nce2 c5
9. Nf4 Ne7 10. Nfxh5 cxd4 11. Nf4 Nbc6 12. h5 Bh7 13. h6 Qc7 14. hxg7 Qxe5+ 15.
Be2 Bxg7 16. Nfh5 d3 17. cxd3 O-O-O 18. Rb1 Nf5 19. Nxf5 Bxf5 20. Rh4 Nd4 21.
Be3 Nxe2 22. Qxe2 Bxd3 23. Rc1+ Kb8 24. Qxd3 d4 25. Rxd4 Rxd4 26. Qxd4 Qxd4 27.
Bxd4 Bxd4 28. g4 Bxb2 29. Rd1 Kc7 30. Rd3 Rd8 31. Rf3 Rd7 32. g5 Kd8 33. Nf4
Ke7 34. g6 fxg6 35. Nxg6+ Kd6 36. Rd3+ Kc6 37. Re3 Rd6 38. Nf4 e5 39. Nd3 Bc3+
40. Ke2 Kd5 41. Rh3 e4 42. Nc1 Kc4 43. Nb3 Kb4 44. Re3 b5 45. f3 exf3+ 46. Rxf3
Rc6 47. Kd1 Ka3 48. Kc2 b4 49. Rf5 Bd4+ 50. Kb1 Bb6 51. Na5 Rc7 52. Nb3 Ka4 53.
Rf6 Rb7 54. Rf5 Rg7 55. Nc5+ Bxc5 56. Rxc5 Rg1+ 57. Kb2 Rg2+ 58. Kb1 a5 59. Rh5
Rg1+ 60. Kb2 Rg2+ 61. Kb1 1/2-1/2

[Event "Skopje MKD"]
[Site "Skopje MKD"]
[Date "2014.03.30"]
[Round "3.28"]
[White "Yildiz, Betul Cemre"]
[Black "Nevednichy, Vladislav"]
[Result "0-1"]
[WhiteElo "2337"]
[BlackElo "2591"]
[PlyCount "68"]
[EventDate "2014.03.29"]
[EventType "swiss"]
[EventRounds "9"]

1. d4 Nf6 2. Nf3 g6 3. Nbd2 Bg7 4. e4 d6 5. Bd3 O-O 6. O-O Nc6 7. c3 e5 8. Re1
h6 9. h3 Nh5 10. dxe5 dxe5 11. Nc4 Be6 12. Bf1 Qe7 13. Be3 a6 14. b4 Rfd8 15.
Qc2 f6 16. Ncd2 f5 17. Nb3 f4 18. Bc1 b6 19. Bb2 g5 20. Rad1 Kh7 21. Rxd8 Nxd8
22. Be2 Bf7 23. Rd1 Bg6 24. c4 Nf7 25. c5 b5 26. Na5 Qe8 27. Nh2 Nf6 28. Ng4
Ng8 29. f3 h5 30. Nf2 Nf6 31. Rd2 Bh6 32. Nd1 g4 33. Nc3 gxh3 34. gxh3 Qe6 0-1

[Event "Skopje MKD"]
[Site "Skopje MKD"]
[Date "2014.03.30"]
[Round "3.29"]
[White "Grigoriants, Sergey"]
[Black "Aharon, Ofir"]
[Result "1/2-1/2"]
[WhiteElo "2574"]
[BlackElo "2316"]
[PlyCount "27"]
[EventDate "2014.03.29"]
[EventType "swiss"]
[EventRounds "9"]

1. c4 g6 2. Nf3 Bg7 3. d4 Nf6 4. e3 O-O 5. Be2 d6 6. Nc3 Nbd7 7. O-O e5 8. Qc2
Re8 9. Rd1 e4 10. Nd2 Qe7 11. b4 c6 12. b5 c5 13. dxc5 Nxc5 14. Nb3 1/2-1/2

[Event "Skopje MKD"]
[Site "Skopje MKD"]
[Date "2014.03.30"]
[Round "3.30"]
[White "Salem, Aylem"]
[Black "Atakisi, Umut"]
[Result "1/2-1/2"]
[WhiteElo "2558"]
[BlackElo "2340"]
[PlyCount "49"]
[EventDate "2014.03.29"]
[EventType "swiss"]
[EventRounds "9"]

1. d4 d5 2. c4 c6 3. Nc3 Nf6 4. Nf3 dxc4 5. a4 Bf5 6. Ne5 Nbd7 7. Nxc4 Qc7 8.
g3 e5 9. dxe5 Nxe5 10. Bf4 Nfd7 11. Bg2 f6 12. O-O Nc5 13. e4 Bg6 14. Qe2 Be7
15. Nxe5 fxe5 16. Be3 Bf7 17. f4 Nb3 18. Rad1 O-O 19. f5 Nd4 20. Qf2 Bf6 21. h4
Qe7 22. Kh2 Bh5 23. Rc1 Bg4 24. Bh3 h5 25. Bxg4 1/2-1/2

[Event "Skopje MKD"]
[Site "Skopje MKD"]
[Date "2014.03.30"]
[Round "3.31"]
[White "Marjanovic, Dejan"]
[Black "Djukic, Nikola"]
[Result "1/2-1/2"]
[WhiteElo "2313"]
[BlackElo "2551"]
[PlyCount "57"]
[EventDate "2014.03.29"]
[EventType "swiss"]
[EventRounds "9"]

1. Nf3 Nf6 2. c4 g6 3. Nc3 Bg7 4. d4 O-O 5. e4 d6 6. h3 e5 7. d5 a5 8. Bg5 Na6
9. Be2 c6 10. Nd2 Bd7 11. O-O Kh8 12. b3 Qb8 13. Be3 c5 14. Nb5 Ng8 15. g4 f5
16. gxf5 gxf5 17. exf5 Bxf5 18. Bg4 Bg6 19. Bh5 Rf6 20. Kh2 Nc7 21. Nc3 Qe8 22.
Bxg6 Rxg6 23. Nde4 Bh6 24. Rg1 Rxg1 25. Qxg1 Qf8 26. Qg4 Ne8 27. Rg1 Ng7 28.
Rg3 Qe7 29. Rf3 1/2-1/2